000 00310nam a22001337a 4500
008 170817b xxu||||| |||| 00| 0 eng d
020 _a0534014380
041 _aeng
080 _a51
100 _a36
101 _aMAT
245 _aTECHNICAL CALCULUS WITH ANALYTIC GEOMETRY
_cKUHFITTIG,P.K
942 _2udc
_cBK
999 _c23834
_d23834